Countries In Alphabetical Order On A Sequential Map - Statistics

General Stats
  • This quiz has been taken 2,219 times
  • The average score is 136 of 196
Answers on the Map
Answers color-coded by a green-red scale on the quiz's map according to % correct below.
 
Answer Stats
Country % Correct
Afghanistan
99%
Albania
97%
Algeria
97%
Andorra
95%
Angola
95%
Argentina
86%
Australia
86%
Austria
86%
Armenia
85%
Azerbaijan
85%
Bahamas
85%
Bahrain
85%
Bangladesh
85%
Belarus
84%
Belgium
84%
Bolivia
83%
Bosnia and Herzegovina
83%
Brazil
83%
Antigua and Barbuda
82%
Benin
82%
Bhutan
82%
Botswana
82%
Bulgaria
82%
Canada
82%
Chile
82%
China
82%
Colombia
82%
Denmark
82%
Brunei
81%
Cambodia
81%
Cameroon
81%
Chad
81%
Costa Rica
81%
Croatia
81%
Cuba
81%
Czech Republic
81%
Democratic Republic of the Congo
81%
Belize
80%
Burkina Faso
80%
Cape Verde
80%
Central African Republic
80%
Comoros
80%
Cyprus
80%
Djibouti
80%
Burundi
79%
Dominican Republic
79%
Barbados
78%
Dominica
77%
Ecuador
77%
Egypt
77%
Estonia
77%
Eritrea
76%
Ethiopia
76%
Finland
76%
France
76%
El Salvador
75%
Germany
75%
Greece
75%
Equatorial Guinea
74%
Eswatini
74%
Fiji
74%
Iceland
74%
India
74%
Indonesia
74%
Iran
74%
Iraq
74%
Ireland
74%
Italy
74%
East Timor
73%
Gabon
73%
Georgia
73%
Ghana
73%
Guatemala
73%
Guyana
73%
Haiti
73%
Honduras
73%
Hungary
73%
Japan
73%
Jordan
73%
Kazakhstan
73%
Guinea
72%
Guinea-Bissau
72%
Ivory Coast
72%
Kenya
72%
Kosovo
72%
Laos
72%
Latvia
72%
Kiribati
71%
Kuwait
71%
Kyrgyzstan
71%
Lesotho
71%
Libya
71%
Liechtenstein
71%
Lithuania
71%
Federated States of Micronesia
70%
Israel
70%
Jamaica
70%
Liberia
70%
Madagascar
70%
Malaysia
69%
Mali
69%
Malta
69%
Mexico
69%
Mongolia
69%
Malawi
68%
Maldives
68%
Mauritania
68%
Monaco
68%
Morocco
68%
Nepal
68%
Netherlands
68%
Grenada
67%
Mauritius
67%
Moldova
67%
Montenegro
67%
Mozambique
67%
Myanmar
67%
Namibia
67%
New Zealand
67%
Nicaragua
67%
Niger
67%
Nigeria
67%
North Korea
67%
Norway
67%
Pakistan
67%
Marshall Islands
66%
Nauru
66%
North Macedonia
66%
Oman
66%
Panama
66%
Papua New Guinea
66%
Paraguay
66%
Peru
66%
Philippines
66%
Poland
66%
Portugal
66%
Gambia
65%
Lebanon
65%
Palau
65%
Luxembourg
64%
Romania
64%
Russia
64%
Qatar
63%
Rwanda
63%
Saudi Arabia
61%
Republic of the Congo
60%
San Marino
60%
Senegal
60%
Serbia
60%
São Tomé and Príncipe
59%
Seychelles
59%
Singapore
59%
Slovakia
59%
Slovenia
59%
Somalia
59%
South Africa
59%
Samoa
58%
Sierra Leone
58%
South Korea
58%
South Sudan
58%
Spain
58%
Sri Lanka
58%
Solomon Islands
57%
Sudan
57%
Suriname
57%
Sweden
57%
Switzerland
56%
Syria
56%
Taiwan
56%
Tajikistan
56%
Thailand
56%
Saint Lucia
55%
Saint Vincent and the Grenadines
55%
Tanzania
55%
Togo
55%
Turkey
55%
Saint Kitts and Nevis
54%
Tonga
54%
Tunisia
54%
Turkmenistan
54%
Ukraine
54%
United Kingdom
54%
United States
54%
Uruguay
54%
United Arab Emirates
53%
Uzbekistan
53%
Vatican City
53%
Venezuela
53%
Trinidad and Tobago
52%
Tuvalu
52%
Uganda
52%
Vanuatu
52%
Vietnam
52%
Yemen
52%
Zambia
52%
Zimbabwe
52%
No matching quizzes found
Score Distribution
Percent of People with Each Score
Percentile by Number Answered
Your Score History
You have not taken this quiz